General awareness kit for banking services recruitment boards, UPSC, MBA, CAT, MAT, staff selection board and similar other exams (Record no. 174914)

MARC details
000 -LEADER
fixed length control field 00479nam a2200133Ia 4500
008 - FIXED-LENGTH DATA ELEMENTS--GENERAL INFORMATION
fixed length control field 231217s9999 xx 000 0 und d
041 ## - LANGUAGE CODE
Language code of text/sound track or separate title English
082 ## - DEWEY DECIMAL CLASSIFICATION NUMBER
Classification number 658.076 BRI;2 R1
100 ## - MAIN ENTRY--PERSONAL NAME
Personal name Bright, P S
245 #0 - TITLE STATEMENT
Title General awareness kit for banking services recruitment boards, UPSC, MBA, CAT, MAT, staff selection board and similar other exams
250 ## - EDITION STATEMENT
Edition statement 2nd ed.
650 ## - SUBJECT ADDED ENTRY--TOPICAL TERM
Topical term or geographic name entry element recruitment,boards,,UPSC,,MBA,,CAT,,MAT,,staff,selection,board,similar,exams
942 ## - ADDED ENTRY ELEMENTS (KOHA)
Koha item type Books
Holdings
Date last seen Total checkouts Full call number Accession number Cost, total (INR) price Price effective from Category Lost status Damaged status Department Withdrawn status Home library Current library Shelving location Entry date Vendor Cost, normal purchase price Grants Billnumber Billdate Currency symbol Conversion rate Discount Old discount
26/01/2024   658.076 BRI;2 R1 34770 55.20 26/01/2024 Books     Central Library   Central Library Central Library Central Library 24/05/2005 Sapna Book House 69.00 GEN 27805 11/04/2003 RS 1 13.8 20

© For any Suggestions or Query, please contact the library staff @ librarian@pes.edu or Phone: +9180 2672 1983/ 2108.